Logos de Clubs de Football Français (de seconde zone) - Statistiques

Statistiques générales
  • Ce quiz a été pris 371 fois
  • Le résultat moyen est 6 sur 10
Statistiques - réponses
Par images Réponse % Correct
Red Star
92%
Niort
91%
Dunkerque
89%
Laval
67%
Châteauroux
59%
Vannes
56%
Gueugnon
40%
Cannes
33%
Beauvais
20%
Angouleme
9%
Aucun quiz correspondant
Distribution des résultats
% des personnes avec chaque résultat
Percentile par nombre de réponses
Votre historique - résultats
Vous n’avez pas pris ce quiz